01277pam a2200337 a 4500999001900000001000800019003000500027005001700032008004100049010001700090020003200107038000600139040001800145050002000163082001600183100003700199245010300236250001200339260003100351300004000382504006400422650002600486650003500512700002600547700003500573856007900608856008900687906004500776942001200821952010600833 c478634d4786343924240NUST20180620081327.0921006s1993 nyua b 001 0 eng  a 92033570  a0471821888 (acidfree paper) a0 aDLCcDLCdDLC00aBF39b.M56 199300a150/.722201 aMinium, Edward W.,d1917-91114410aStatistical reasoning in psychology and education /cEdward W. Minium, Bruce M. King, Gordon Bear. a3rd ed. aNew York :bWiley,cc1993. axiii, 590 p. :bcol. ill. ;c27 cm. aIncludes bibliographical references (p. 580-583) and index. 0aPsychometrics.910728 0aEducational statistics.9111451 aKing, Bruce M.9111461 aBear, Gordon R.,d1941-9111474 3Table of Contents onlyuhttp://www.loc.gov/catdir/toc/onix01/92033570.html423Publisher descriptionuhttp://www.loc.gov/catdir/enhancements/fy0607/92033570-d.html a7bcbccorignewd1eocipf19gy-gencatlg 2ddccBK 00102ddc40708NFICaCLbCLcGENd2018-06-20l0o150/.72 MINpS3H-D-333r2018-06-20w2018-06-20yBK